00453 2200169 4500245007100000020002200071250001100093100002000104700001500124650001900139005001900158260004100177041001400218084001600232300002600248336000900274 aTuhan, Beri Aku Alasan untuk Tidak MenyerahcMalik al MughishText a978-623-5269-17-7 aCet. 3 aMalik al Mughis aEsti Utami aMotivasi Islam a20241023144915 aSemarangbSyalmahat Publishingc2023 aIndonesia a297.5 MAL t avi, 240 hlm. :c20 cm atext